Normal view
MARC view
- التنوع الثقافي
Entry Topical Term
001 - CONTROL NUMBER
- control field: 47672
003 - CONTROL NUMBER IDENTIFIER
- control field: JO-AjAnu
005 - DATE AND TIME OF LATEST TRANSACTION
- control field: 20230606081852.0
008 - FIXED-LENGTH DATA ELEMENTS
- fixed length control field: 230606|| aca||aabn | a|a d
040 ## - CATALOGING SOURCE
- Original cataloging agency: JO-AjAnu
- Transcribing agency: JO-AjAnu
150 ## - HEADING--TOPICAL TERM
- Topical term or geographic name entry element: التنوع الثقافي
670 ## - SOURCE DATA FOUND
- Source citation: Work cat.: (JO-AjAnu)24394: تحرير النوايسة، حكمت ؛ متابعة وتنسيق زيد العجلوني, author 47671, التنوع الثقافي في الاردن : النسيج الاجتماعي والتشريعات والفعاليات الثقافية